| 000 | 00365nam a2200109Ia 4500 | ||
|---|---|---|---|
| 008 | 171211s9999 xx 000 0 und d | ||
| 245 | _aNanomaterials: Inorganic and Bioinorganic Perspectives | ||
| 245 | _cCharles M. Lukehart and Robert A. Scott | ||
| 260 | _c2008 | ||
| 650 | _xEncyclopedia and Dictionary | ||
| 856 | _uhttp://down.ebook777.com/040/9780470516447.pdf | ||
| 999 |
_c350231 _d350231 |
||